000 02389nam0a2200397 4500
001 RU\NLR\BIBL_A\012702264
005 20230412110722.0
010 _a978-5-7038-5640-6
_9137
021 _aRU
_bКН-П-21-069720
_9КН-П-21-5526
035 _a(NLR Aleph) 012702264
035 _a(RuMoRGB)010831176
090 _a12882286
_c12882286
100 _a20220207d2021 u y0rusy50 ca
101 0 _arus
102 _aRU
105 _a |||j|||000zy
181 0 _ai3
_baxxe
182 0 _an
200 1 _aТеория и расчет плазмонных спектральных фильтров
_eучебное пособие
_eдля студентов старших курсов
_fС.Б. Одиноков, М.В. Шишова, А.Ю. Жердев
_gФедеральное государственное бюджетное образовательное учреждение высшего образования "Московский государственный технический университет имени Н.Э. Баумана (национальный исследовательский университет)"
203 _aТекст
_bвизуальный
_cнепосредственный
210 _aМосква
_cИзд-во МГТУ им. Н.Э. Баумана
_d2021
215 _a66, [2] с.
_cил., цв. ил.
_d24
225 1 _aУчебное пособие МГТУ им. Н.Э. Баумана
320 _aБиблиогр. в конце кн. (10 назв.) и в подстроч. примеч.
606 1 _aСветофильтры
_jУчебные издания для высших учебных заведений
_91312083
_3RU\NLR\AUTH\66227835
606 1 _aМеталл-диэлектрик, система
_jУчебные издания для высших учебных заведений
_xПлазмоны поверхностные
_92350431
_3RU\NLR\AUTH\6601627273
610 0 _aплазмон-поляритоны
686 1 _aВ343.31я73-1
686 1 _aЗ852.2-01я73-1
700 1 _aОдиноков
_bС. Б.
_gСергей Борисович
701 1 _aШишова
_bМ. В.
_gМария Владимировна
701 1 _aЖердев
_bА. Ю.
_gАлександр Юрьевич
942 _cBOOK
980 _aNB